00747nam a2200241 a 4500001001300000003000900013005001700022008004100039020002700080082001300107100002300120245006000143260004200203300000900245500003500254505001000289650002500299700002300324902000800347942000700355952012800362999001500490nice12345678IN_TiNIC20260116013137.0050524s1996 leia grp 000 0 eng  a0851112 c1004.3300a291bHUG aHughes, Dewi Arwel aHas God Many Namesb Introduction to Religious Studies. aLeicesterbInter Varsity Press c1996 a225p aincludes index and biblioraphy2 aIndex aComparative Religion1 aHughes, Dewi Arwel bSRS cBK 001040708StackRoom-aHMIbHMId2007-07-20g1004.33l3o291 HUGp019276r2022-02-23s2022-02-11v1004.33w2005-05-24yBK c9844d9844